[Event "1"]
[Site "http://www.queenalice.com/game.php?id=1336479"]
[Date "2015.1.23"]
[Round "-"]
[White "SETOP"]
[Black "charles31"]
[Result "1-0"]
[WhiteElo "1962"]
[BlackElo "1705"]

1. e4 e5 2. Nf3 d6 3. Bc4 h6 4. O-O Nc6 5. d4 exd4 6. Nxd4 Nxd4 7. Qxd4 Nf6 8.
Nc3 Be6 9. Bxe6 fxe6 10. e5 c5 11. Qa4+ Qd7 12. exf6 gxf6 13. Qxd7+ Kxd7 14. Bd2
Be7 15. Rad1 a6 16. Be3 b6 17. a3 Rag8 18. Na4 b5 19. Nxc5+ Kc6 20. Nxe6 Rg6 21.
Nf4 Rg7 22. Kh1 h5 23. Ne6 Rg4 24. Nd4+ Kd7 25. Nf5 Ke6 26. Nxe7 Kxe7 27. g3
Rhg8 28. Bf4 h4 29. Bxd6+ Kf7 30. Bf4 hxg3 31. fxg3 Ra8 32. Rfe1 Kg6 33. Rd6 Kg7
34. Re7+ Kf8 35. Rh7 1-0

[Event "3"]
[Site "http://www.queenalice.com/game.php?id=1336481"]
[Date "2015.1.23"]
[Round "-"]
[White "SETOP"]
[Black "tucuman"]
[Result "1-0"]
[WhiteElo "1934"]
[BlackElo "1759"]

1. e4 e5 2. Nf3 d6 3. Bc4 h6 4. O-O a6 5. Nc3 Nf6 6. h3 Nc6 7. Re1 Qe7 8. d4 Bd7
9. dxe5 Nxe5 10. Nxe5 dxe5 11. Nd5 Nxd5 12. exd5 O-O-O 13. Bf4 f6 14. Qf3 Qd6
15. Bh2 Qb6 16. Bb3 Bd6 17. Rec1 f5 18. c4 Qd4 19. Qc3 Qxc3 20. Rxc3 f4 21. c5
Be7 22. d6 Bxd6 23. cxd6 c6 24. f3 g5 25. Kf1 h5 26. Bg1 g4 27. h4 gxf3 28. Rxf3
Kb8 29. Bb6 Rdf8 30. Rc3 e4 31. Bd4 e3 32. Bxh8 Rxh8 33. Rc4 Re8 34. Rxf4 e2+
35. Ke1 Bg4 36. Bc4 Kc8 37. Rxg4 hxg4 38. Bxe2 g3 39. Rd1 Rd8 40. h5 Kb8 41. h6
Rh8 42. Rd3 Rxh6 43. Rxg3 Rh8 44. Kf2 b5 45. Rg7 Rf8+ 46. Bf3 c5 47. g4 c4 48.
Kg3 Rd8 49. Rb7+ Kc8 50. Rb6 1-0

[Event "5"]
[Site "http://www.queenalice.com/game.php?id=1336483"]
[Date "2015.1.23"]
[Round "-"]
[White "SETOP"]
[Black "Scaracioli"]
[Result "1-0"]
[WhiteElo "1998"]
[BlackElo "1695"]

1. d4 d5 2. Nf3 f6 3. Nc3 e6 4. e3 a6 5. Bd3 Bd7 6. O-O Ne7 7. e4 dxe4 8. Bxe4
c6 9. Bf4 g5 10. Bd6 Ng6 11. Bxf8 Rxf8 12. Bd3 Rg8 13. Re1 h6 14. Ne4 Qe7 15.
Nc5 b6 16. Nxd7 Nxd7 17. Qe2 Ndf8 18. c3 Rg7 19. Qe4 Qd7 20. Nd2 f5 21. Qe2 b5
22. Bxf5 Nf4 23. Qe5 Re7 24. Be4 Rc8 25. Nb3 Rd8 26. Na5 N8g6 27. Qc5 Qc7 28. b4
Kf7 29. Nxc6 Rdd7 30. Nxe7 Qxc5 31. bxc5 Rxe7 32. a4 e5 33. d5 Nf8 34. axb5 axb5
35. d6 Rd7 36. g3 Nh5 37. Bc6 Rd8 38. Rxe5 Ng7 39. Bxb5 Nge6 40. Rd5 Nd7 41. c6
Nb6 42. c7 Nxd5 43. cxd8=B Nxd8 44. Bc4 Ke6 45. Ra8 Nb7 46. Bxd5+ Kxd5 47. Rh8
Nxd6 48. Rxh6 Ne4 49. Rh5 Ke5 50. Rxg5+ Nxg5 51. f4+ Kf5 52. fxg5 Kxg5 53. c4
Kf5 54. h4 Ke5 55. h5 Kd4 56. h6 Kxc4 57. h7 1-0

[Event "7"]
[Site "http://www.queenalice.com/game.php?id=1336486"]
[Date "2015.1.23"]
[Round "-"]
[White "SETOP"]
[Black "jbugg"]
[Result "1-0"]
[WhiteElo "1500"]
[BlackElo "1546"]

1. d4 d5 2. Nf3 e6 3. e3 Nf6 4. Bd3 Bb4+ 5. Bd2 Bd6 6. Nc3 Nc6 7. O-O O-O 8. Re1
a6 9. e4 dxe4 10. Nxe4 Nxe4 11. Bxe4 Bb4 12. c3 Bd6 13. Bb1 Qf6 14. Bg5 Qg6 15.
Bxg6 1-0

[Event "2"]
[Site "http://www.queenalice.com/game.php?id=1336493"]
[Date "2015.1.23"]
[Round "-"]
[White "camiloneto"]
[Black "SETOP"]
[Result "0-1"]
[WhiteElo "1777"]
[BlackElo "1978"]

1. e4 e5 2. Nf3 Nc6 3. Bb5 d6 4. h3 Bd7 5. O-O Be7 6. Re1 Nf6 7. d3 O-O 8. Bg5
Ne8 9. Bxe7 Qxe7 10. c3 f5 11. d4 fxe4 12. Rxe4 d5 13. Re3 e4 14. Nfd2 Qg5 15.
g4 Qf6 16. Qe2 Nxd4 17. cxd4 Bxb5 18. Qxb5 Qxf2+ 19. Kh1 Qxe3 20. Qxd5+ Kh8 21.
Qxb7 Qe1+ 22. Kg2 Rf2+ 23. Kg3 Rxd2+ 24. Kf4 Qf2+ 25. Ke5 Qxd4+ 26. Kf5 Nd6+ 27.
Kg5 Nxb7 28. Nxd2 Qxd2+ 29. Kf5 e3 30. Rf1 Rf8+ 31. Ke4 Nc5+ 32. Ke5 Qd6# 0-1

[Event "9"]
[Site "http://www.queenalice.com/game.php?id=1336501"]
[Date "2015.1.23"]
[Round "-"]
[White "SETOP"]
[Black "crisvolei"]
[Result "1-0"]
[WhiteElo "2007"]
[BlackElo "1591"]

1. e4 e5 2. f4 exf4 3. Nf3 Qf6 4. d4 d6 5. Be2 g5 6. O-O h5 7. e5 dxe5 8. Nxe5
Qf5 9. Bxh5 Be6 10. Re1 c5 11. c3 Nc6 12. Bg4 Qf6 13. d5 Nxe5 14. dxe6 fxe6 15.
Nd2 O-O-O 16. Qe2 Bd6 17. Ne4 Qh6 18. Nxd6+ Rxd6 19. h3 Qh4 20. Qxe5 Kc7 21.
Qxc5+ Kd7 22. Qe5 Rh6 23. b3 Ne7 24. Ba3 Nf5 25. Bxf5 exf5 26. Bxd6 Rxd6 27.
Qe7+ Kc6 28. Qe8+ Kb6 29. c4 a6 30. Re6 1-0

[Event "7"]
[Site "http://www.queenalice.com/game.php?id=1336538"]
[Date "2015.1.23"]
[Round "-"]
[White "jbugg"]
[Black "SETOP"]
[Result "0-1"]
[WhiteElo "1546"]
[BlackElo "1723"]

1. e4 e5 2. Nf3 Nc6 3. Bc4 Bc5 4. Ng5 Qxg5 5. O-O Qe7 6. Qf3 Nf6 7. Nc3 Nd4 8.
Qd1 O-O 9. Nd5 Nxd5 10. Bxd5 Ne6 11. c3 Nf4 12. d3 Nxd5 13. exd5 Bd6 14. Qf3 f5
15. b4 e4 16. Qe3 Qe5 17. g3 Qxc3 18. Rb1 Qxd3 19. Rb3 Qxd5 20. Bb2 Be5 21. Bc1
f4 22. gxf4 Bxf4 23. Qc3 Qg5+ 24. Kh1 Bxc1 25. Qg3 Qxg3 26. Rxg3 Bh6 27. Rfg1
Rxf2 28. Rh3 Rf6 29. Re1 d5 30. a4 Bxh3 0-1

[Event "1"]
[Site "http://www.queenalice.com/game.php?id=1336771"]
[Date "2015.1.24"]
[Round "-"]
[White "SETOP"]
[Black "nuage"]
[Result "1-0"]
[WhiteElo "1916"]
[BlackElo "1508"]

1. d4 Nf6 2. Nc3 d6 3. e4 g6 4. Nf3 Bg7 5. h3 O-O 6. Be3 Nbd7 7. Qd2 b6 8. Bd3
c5 9. d5 Bb7 10. Bh6 e6 11. Bxg7 Kxg7 12. dxe6 fxe6 13. O-O a6 14. Rae1 Re8 15.
Nh2 Ne5 16. f4 Nc6 17. f5 exf5 18. exf5 Rxe1 19. Rxe1 Ne5 20. fxg6 hxg6 21. Be2
Qd7 22. Rf1 Qc6 23. Qg5 Ne4 24. Nxe4 Qxe4 25. Qf6+ Kh6 26. Bf3 Nxf3+ 27. Nxf3
Qe3+ 28. Kh1 Be4 29. Qh4+ Kg7 30. Ng5 Bxg2+ 31. Kxg2 Qe2+ 32. Rf2 Rh8 33. Qxh8+
Kxh8 34. Rxe2 d5 35. Re6 Kg7 36. Rxb6 a5 37. Ne6+ 1-0

[Event "4"]
[Site "http://www.queenalice.com/game.php?id=1336772"]
[Date "2015.1.24"]
[Round "-"]
[White "SETOP"]
[Black "alfonso"]
[Result "1-0"]
[WhiteElo "1986"]
[BlackElo "1508"]

1. g3 e5 2. Bg2 Bc5 3. d3 Qf6 4. Nf3 h6 5. O-O g5 6. c3 d5 7. Be3 b6 8. Bxc5
bxc5 9. Nbd2 g4 10. Ne1 c6 11. f4 exf4 12. Rxf4 Qg5 13. e3 Nf6 14. e4 d4 15. Nb3
O-O 16. Nxc5 Nh5 17. cxd4 a5 18. Rf2 Qe3 19. Qa4 Rd8 20. Qc4 Rxd4 21. Qxf7+ Kh8
22. Qxh5 Rd8 23. Qe5+ Kg8 24. Qe7 Rf8 25. Qxf8+ Kh7 26. Qxc8 Qxc5 27. Qb7+ Nd7
28. Qxa8 Kg7 29. Qe8 Nf6 30. Qd8 a4 31. Qxf6+ Kh7 32. Qf5+ Qxf5 33. Rxf5 Kg6 34.
Rc5 h5 35. Rxc6+ Kf7 36. Nc2 Ke7 37. Rf1 Kd7 38. Rh6 Ke7 39. Rxh5 Ke6 40. Rf4
Ke7 41. Rxg4 Kf7 42. Kf2 a3 43. b3 Kf8 44. Rh7 1-0

[Event "7"]
[Site "http://www.queenalice.com/game.php?id=1336800"]
[Date "2015.1.24"]
[Round "-"]
[White "SETOP"]
[Black "vinoseco"]
[Result "1-0"]
[WhiteElo "1797"]
[BlackElo "1661"]

1. e4 c5 2. Nf3 Nc6 3. d4 cxd4 4. Nxd4 Ne5 5. Nc3 Qa5 6. Bd2 Qb4 7. Nb3 a5 8.
Be2 a4 9. Nd5 Qd6 10. Bb4 Qc6 11. Nd4 Qg6 12. O-O Rb8 13. Ba5 e6 14. Bc7 Ra8 15.
Bxe5 exd5 16. Nb5 Ra5 17. Qxd5 b6 18. Qd4 f6 19. Qxb6 Ra8 20. Nc7+ 1-0

[Event "7"]
[Site "http://www.queenalice.com/game.php?id=1336956"]
[Date "2015.1.25"]
[Round "-"]
[White "vinoseco"]
[Black "SETOP"]
[Result "0-1"]
[WhiteElo "1642"]
[BlackElo "1916"]

1. e4 e5 2. Nf3 Nc6 3. Bc4 Bc5 4. d3 Nf6 5. Bg5 O-O 6. Nc3 Be7 7. Nd5 Nxd5 8.
Bxe7 Ndxe7 9. Ng5 d6 10. Qf3 Nd4 11. Bxf7+ Kh8 12. O-O Nxf3+ 0-1

[Event "7"]
[Site "http://www.queenalice.com/game.php?id=1337136"]
[Date "2015.1.26"]
[Round "-"]
[White "SETOP"]
[Black "vinoseco"]
[Result "1-0"]
[WhiteElo "2007"]
[BlackElo "1646"]

1. g3 d5 2. Bg2 Nf6 3. Nf3 Bf5 4. O-O e6 5. d3 Nc6 6. Bg5 Be7 7. Nbd2 Ng4 8.
Bxe7 Qxe7 9. Nh4 Qg5 10. Nxf5 exf5 11. Bxd5 f4 12. Bxc6+ Ke7 13. Bf3 fxg3 14.
Ne4 Qh4 15. Re1 Qxh2+ 16. Kf1 Nxf2 17. Qd2 Nxe4 18. Qe3 Kd7 19. dxe4 Rae8 20.
Bg4+ Ke7 21. Qc5+ Kf6 22. Bf3 Re5 23. Qg1 Qh3+ 24. Qg2 Qh4 25. Rad1 Qf4 26. e3
Qg5 27. Ke2 Rhe8 28. Rg1 c5 29. Qxg3 Qxg3 30. Rxg3 c4 31. Rd7 Rb5 32. b3 cxb3
33. axb3 Rc8 34. Kd2 Ke6 35. Bg4+ Ke5 36. Rxf7 Kxe4 37. Bxc8 1-0

[Event "1"]
[Site "http://www.queenalice.com/game.php?id=1337453"]
[Date "2015.1.27"]
[Round "-"]
[White "charles31"]
[Black "SETOP"]
[Result "0-1"]
[WhiteElo "1694"]
[BlackElo "2010"]

1. e4 e5 2. Nf3 Nc6 3. a3 Nf6 4. Nc3 Be7 5. h3 d6 6. Bb5 Bd7 7. Bxc6 Bxc6 8. d4
Bxe4 9. dxe5 Bxf3 10. Qxf3 dxe5 11. Bd2 c6 12. O-O-O O-O 13. Ne4 Qd5 14. Rhe1
Qa2 15. c3 Rad8 16. Kc2 a5 17. g4 Bxa3 18. Rb1 Be7 19. Qe3 Qd5 20. Nxf6+ Bxf6
21. Red1 Qg2 22. b3 h6 23. Qg3 Qxg3 24. fxg3 Rd7 25. Be3 Rfd8 26. Rxd7 Rxd7 27.
h4 g5 28. hxg5 Bxg5 29. Bxg5 hxg5 30. Rf1 Kg7 31. Rd1 Rxd1 32. Kxd1 Kg6 33. Kd2
f5 34. gxf5+ Kxf5 35. Ke3 Kg4 36. Kf2 b5 37. Kg2 e4 38. Kf2 e3+ 39. Kxe3 Kxg3
40. Ke2 Kh2 41. Kf3 Kh3 42. Kf2 g4 43. Kg1 Kg3 0-1

[Event "1"]
[Site "http://www.queenalice.com/game.php?id=1338697"]
[Date "2015.2.1"]
[Round "-"]
[White "SETOP"]
[Black "charles31"]
[Result "0-1"]
[WhiteElo "2017"]
[BlackElo "1710"]

1. d4 d5 2. Nf3 Nc6 3. e3 Bg4 4. Be2 Bxf3 5. Bxf3 Nf6 6. O-O e6 7. a3 Bd6 8. Nc3
h6 9. Re1 g5 10. e4 dxe4 11. Nxe4 Nxe4 12. Bxe4 Qd7 13. b4 Nxd4 14. Qxd4 Bxh2+
15. Kxh2 Qxd4 16. Be3 Qd6+ 17. g3 f5 18. Bxb7 Rb8 19. Bc5 Qd7 20. Bg2 h5 21.
Bxa7 Kf7 22. Bxb8 Rxb8 23. Red1 Qe7 24. c4 h4 25. c5 Kf6 26. c6 hxg3+ 27. fxg3
g4 28. Rd7 Qf8 29. Rxc7 Qh6+ 0-1

[Event "1"]
[Site "http://www.queenalice.com/game.php?id=1339121"]
[Date "2015.2.3"]
[Round "-"]
[White "charles31"]
[Black "SETOP"]
[Result "0-1"]
[WhiteElo "1776"]
[BlackElo "1986"]

1. e4 e5 2. Nf3 Nc6 3. a3 Nf6 4. Nc3 Be7 5. Bc4 O-O 6. h3 d6 7. d3 h6 8. g4 Ne8
9. h4 Nd4 10. Be3 Nxf3+ 11. Qxf3 Bxh4 12. Qh3 Bg5 13. O-O-O Bxe3+ 14. Qxe3 Bxg4
15. Rdg1 Be6 16. Bxe6 fxe6 17. Qxh6 Qf6 18. Qh5 Qf3 19. Qh7+ Kf7 20. Qg6+ Ke7
21. Rh2 Qf4+ 22. Kb1 Qxh2 23. Qg5+ Kd7 24. Rg2 Qf4 25. Qg6 Qf6 26. Qg4 Rd8 27.
Nd5 Qf7 28. b4 Kc8 29. Nc3 Kb8 30. a4 Rg8 31. Na2 Nf6 32. Qe2 Nh5 33. Qxh5 Qxh5
0-1